000 00869nam a2200277 i 4500
001 000022335
003 DO-SdBNP
005 20251126075559.0
007 ta
008 100928s1998 dr c 000 0 spa d
040 _aDO-SdBNP
_bspa
_cBNPHU
_erda
041 _aspa
082 _axxxx
_bC389f
_222
100 1 _aCedeño, Livio Mariano,
_d1953-
_eautor
_946093
245 1 0 _aFidel y el Papa /
_cLivio Mariano Cedeño ; prólogo Juan Marrero.
264 _aSanto Domingo :
_bEl Nuevo Diario,
_c1998.
300 _a318 páginas :
_bretratos. ;
_c21 cm.
336 _ardacontent
_btexto
_2txt
337 _ardamedia
_bsin mediación
_2n
338 _ardacarrier
_bvolumen
_2nc
500 _aIncluye datos biográficos del autor en la contracubierta
590 _aInventariado, 2025/DG
700 1 _aMarrero, Juan,
_eprólogo
_933333
910 _aDG
942 _2ddc
_cLBS1
999 _c21833
_d21833